| 000 | 01061cam a2200265 a 4500 | ||
|---|---|---|---|
| 001 | ltf91050018 | ||
| 003 | DLC | ||
| 005 | 20260227111553.0 | ||
| 008 | 910520s1890 ii 001 d eng | ||
| 010 | _altf91050018 | ||
| 040 |
_aDLC _cDLC |
||
| 050 | 0 | 0 |
_aPK3796 _b.M2 1890 |
| 100 | 0 | _aKālidāsa. | |
| 240 | 1 | 0 | _aMālavikāgnimitra |
| 245 | 1 | 0 |
_aMālavikāgnimitram / _cKālidāsaviracitam ; Kāṭayavemabhūpaviracitena Kumāragirirājīyena vyākhyānena sametam ; Kāśīnātha Pāṇḍuraṅga Paraba ityanena viṣamapadavimarśinyā ṭippaṇyā sahitaṃ saṃśodhitam. |
| 246 | 1 | 5 | _aMâlavikâgnimitra of Kâlidâsa |
| 260 |
_aMumbaī : _bNirṇayasāgarayantra, _c1890. |
||
| 300 |
_a108, 44, 2 p. ; _c21 cm. |
||
| 500 | _aPlay. | ||
| 546 | _aIn Sanskrit with notes in English. | ||
| 500 | _aIncludes index. | ||
| 500 |
_aLC copy: Weber Collection 1271; handwritten notes by Albrecht Weber. _5DLC |
||
| 700 | 1 | _aParaba, Kāśīnātha Pāṇḍuraṅga. | |
| 700 | 0 | 2 |
_aKāṭayavema, _dactive 14th century-15th century. _tKumārarājīya. |
| 999 |
_c37600 _d37600 |
||